000 00417nam a2200181Ia 4500
005 20250423095332.0
008 250422s9999 xx 000 0 und d
020 _a9781292946
050 _aKP 116 .N6/
100 _aNwogugu, E. I.
245 0 _aFamily law in Nigeria
260 _aIbadan
260 _bHEBN Pub.
260 _c1990
300 _a41 p
650 _aDomestic relations--Nigeria.
942 _cBK
999 _c29961
_d29961